LEADER 01042nam a2200253 u 4500 001 000000065107 003 CaOOAMICUS 005 20070226121429.0 008 011130s1923 it u000 u ita u 035 $a10912079 040 $aPUL(R)$bita 100 1 $aTagore, Rabindranath,$d1861-1941.$0(OLS)http://pul/name/15935 245 10$aNazionalismo /$cdi Rabindranath Tagore ; [trad. di I. Vassalini]. 260 $aLanciano :$bG. Carabba,$cstampa 1923. 300 $av, 139 p. ;$c18 cm 490 1 $aScrittori italiani e stranieri. Storia critica 650 4$aNazionalismo.$0(OLS)http://pul/subject/23417 700 1 $aVassalini, Ida.$0(OLS)http://pul/name/43895 830 0$aScrittori italiani e stranieri (Carabba).$pStoria critica.$0(OLS)http://pul/title/86663 850 $aPUL 852 $aPUL$W1$xDP2 Filosofia 1$y62$m91 G 23$j84337$nBK-PRI$b $qStampati$B84337$CPULBib$Z2$F84337 $81 941 1 $a8 996 $6245$aNazionalismo$9(OLS)http://pul/title/86662 996 $6260$aLanciano :$bG. Carabba$9(OLS)http://pul/publisher/59897 LEADER 01380nam a2200337 a 4500 001 000000140628 003 CaOOAMICUS 005 20141125104305.0 008 141125s1988 it u000 u ita r 020 $a88-7042-939-3 040 $aPUL$bita 100 1 $aSolari, Gioele,$d1872-1952.$0(OLS)http://pul/name/21034 245 13$aLa formazione storica e filosofica dello stato moderno/$cGioele Solari;a cura di Luigi Firpo. 250 $a2a ed. 260 $aNapoli :$bGuida Editori,$c1988. 300 $a182 p.$c22 cm 490 1 $aSaggi 504 $aBibliografia in nota. 650 4$aFilosofia politica.$0(OLS)http://pul/subject/155 650 4$aStato$zEuropa$xStoria$yOrigini.$0(OLS)http://pul/subject/22752 700 1 $aFirpo, Luigi,$d1915-1989.$0(OLS)http://pul/name/3484 830 0$aSaggi (Guida editori).$0(OLS)http://pul/title/72823 850 $aPUL 852 $aPUL$W1$xDP1 Fondo Capitani$y116$m1 B 19$j115407$qFondi$B161958$CPULBib$Z2$F161958 $HCap1977 $82 941 1 $a1 960 $aFilosofia della politica$9155 961 $aNota ms. di possesso : Capitani. 996 $6020$a88-7042-939-3$9(OLS)http://pul/number/156358 996 $6245$aLa formazione storica e filosofica dello stato moderno/$9(OLS)http://pul/title/177977 996 $6260$aNapoli :$bGuida Editori$9(OLS)http://pul/publisher/53352